Cardiovascular medicine / (Record no. 121095)

MARC details
000 -LEADER
fixed length control field 01039pam a2200325 a 4500
008 - FIXED-LENGTH DATA ELEMENTS--GENERAL INFORMATION
fixed length control field
020 ## - INTERNATIONAL STANDARD BOOK NUMBER
International Standard Book Number 9781907816826 (paperback)
040 ## - CATALOGING SOURCE
Original cataloging agency NUST
Transcribing agency NUST
049 ## - LOCAL HOLDINGS (OCLC)
Holding library MAIN
090 ## - LOCALLY ASSIGNED LC-TYPE CALL NUMBER (OCLC); LOCAL CALL NUMBER (RLIN)
Classification number (OCLC) (R) ; Classification number, CALL (RLIN) (NR) RM345
Local cutter number (OCLC) ; Book number/undivided call number, CALL (RLIN) MOR
003 - CONTROL NUMBER IDENTIFIER
control field
005 - DATE AND TIME OF LATEST TRANSACTION
control field 20230120204322.0
100 ## - MAIN ENTRY--PERSONAL NAME
Personal name Morris, Paul
245 00 - TITLE STATEMENT
Title Cardiovascular medicine /
Statement of responsibility, etc. Paul Morris, David Warriner and Allison Morton
260 ## - PUBLICATION, DISTRIBUTION, ETC.
Place of publication, distribution, etc. London:
Name of publisher, distributor, etc. JP Medical Publishers,
Date of publication, distribution, etc. 2015
300 ## - PHYSICAL DESCRIPTION
Extent xvi, 403 pages :
Other physical details illustrations (some colour) ;
Dimensions 26 cm.
336 ## - CONTENT TYPE
Content type term text
Content type code txt
Source rdacontent
337 ## - MEDIA TYPE
Media type term unmediated
Media type code n
Source rdamedia
338 ## - CARRIER TYPE
Carrier type term volume
Carrier type code nc
Source rdacarrier
440 ## - SERIES STATEMENT/ADDED ENTRY--TITLE
Title Eureka
500 ## - GENERAL NOTE
General note Includes index.
650 #0 - SUBJECT ADDED ENTRY--TOPICAL TERM
Topical term or geographic name entry element Cardiovascular medicine.
650 #2 - SUBJECT ADDED ENTRY--TOPICAL TERM
Topical term or geographic name entry element Cardiovascular Agents
General subdivision therapeutic use.
650 #2 - SUBJECT ADDED ENTRY--TOPICAL TERM
Topical term or geographic name entry element Cardiovascular Diseases
General subdivision drug therapy.
650 #2 - SUBJECT ADDED ENTRY--TOPICAL TERM
Topical term or geographic name entry element Cardiovascular System
General subdivision drug therapy.
700 1# - ADDED ENTRY--PERSONAL NAME
Personal name Warriner, David
700 ## - ADDED ENTRY--PERSONAL NAME
Personal name Morton, Allison
907 ## - LOCAL DATA ELEMENT G, LDG (RLIN)
a .b1041082x
b 19-10-21
c 07-10-21
942 ## - ADDED ENTRY ELEMENTS (KOHA)
Koha item type Ordinary Loan Books
Call number prefix RM345
Call number suffix MOR
Holdings
Date last seen Total Checkouts Full call number Barcode Cost, replacement price Price effective from Koha item type Lost status Source of classification or shelving scheme Damaged status Not for loan Collection Withdrawn status Home library Current library Shelving location Date acquired Cost, normal purchase price
01/20/2023   RM345 MOR 92004050295 80.00 01/20/2023 BOOKS   LCC     NFIC   Medical Medical GEN 01/20/2023 80.00